Serie TV - Pretty Little Liars - Statistiques

Statistiques générales
  • Ce quiz a été pris 938 fois
  • Le résultat moyen est 9 sur 15
Statistiques - réponses
Hint Réponse % Correct
Lucy Hale Aria Montgomery
93%
Troian Bellisario Spencer Hastings
90%
Shay Mitchell Emily Fields
88%
Ashley Benson Hanna Marin
85%
Sasha Pieterse Alison Dilaurentis
83%
Ian Harding Ezra Fitz
81%
Keegan Allen Toby Cavanaugh
68%
Tyler Blackburn Caleb Rivers
65%
Laura Leighton Ashley Marin
50%
Janel Parrish Mona Vanderwall
49%
Cody Christian Mike Montgomery
44%
Tammin Sursok Jenna Marshall
41%
Bianca Lawson Maya St Germain
31%
Lindsey Shaw Paige McCullers
28%
Brendan Robinson Lucas Gottesman
16%
Aucun quiz correspondant
Distribution des résultats
% des personnes avec chaque résultat
Percentile par nombre de réponses
Votre historique - résultats
Vous n’avez pas pris ce quiz